Balada peluda / (Registro nro. 11073)
[ vista simple ]
| 000 -CABECERA | |
|---|---|
| Longitud fija campo de control | 00673nam a2200229 a 4500 |
| 003 - • IDENTIFICADOR DELl NÚMERO DE CONTROL | |
| Identificador del número de control | CO-ViMGA |
| 008 - • CÓDIGOS DE INFORMACIÓN DE LONGITUD FIJA | |
| Códigos de información de longitud fija | 141112s2004 ck r 000 u spa d |
| 020 ## - • NÚMERO INTERNACIONAL NORMALIZADO PARA LIBROS | |
| Número Internacional Normalizado para Libros (ISBN) | 9681663985 |
| 040 ## - FUENTE DE LA CATALOGACIÓN | |
| Centro catalogador de origen | CO-ViMGA |
| Lengua de catalogación | spa |
| Centro transcriptor | CO-ViMGA |
| 100 1# - • PUNTO DE ACCESO PRINCIPAL-NOMBRE DE PERSONA | |
| Nombre de persona | Da Coll, Ivar |
| 245 10 - • TITULO PROPIAMENTE DICHO | |
| Título | Balada peluda / |
| Mención de responsabilidad, etc. | Ivar da Coll \ |
| 300 ## - • DESCRIPCIÓN FÍSICA | |
| Extensión | 38 p / 19 cm. |
| 490 ## - • MENCIÓN DE SERIE | |
| Mención de serie | A la orilla del viento ; 149 |
| 500 ## - • NOTA GENERAL | |
| Nota general | Catalogación en la fuente |
| 650 14 - • PUNTO DE ACCESO ADICIONAL DE MATERIA - TÉRMINO DE MATERIA | |
| Término de materia o nombre geográfico como elemento inicial | CUENTOS INFANTILES COLOMBIANOS |
| 650 14 - • PUNTO DE ACCESO ADICIONAL DE MATERIA - TÉRMINO DE MATERIA | |
| Término de materia o nombre geográfico como elemento inicial | NIÑOS - - CUENTOS INFANTILES |
| 650 14 - • PUNTO DE ACCESO ADICIONAL DE MATERIA - TÉRMINO DE MATERIA | |
| Término de materia o nombre geográfico como elemento inicial | PELO - - CUENTOS INFANTILES |
| 942 ## - ENTRADA DE ELEMENTOS AGREGADOS (KOHA) | |
| Fuente de clasificaión o esquema | Dewey Decimal Classification |
| Koha [por defecto] tipo de item | LIbro |
| Perdido | Fuente de clasificación o esquema | Estado Físico | No para préstamo | Forma de adquisición | Localización permanente | Localización actual | Fecha adquisición | Serie de enumeración / cronolog&íacute;a | Préstamos totales | Signatura completa | Código de barras | Fecha última consulta | Número de copia | Fecha del precio de reemplazo | Tipo de item de Koha | Localización en estanterías |
|---|---|---|---|---|---|---|---|---|---|---|---|---|---|---|---|---|
| Dewey Decimal Classification | Sala General | Biblioteca Barrio Emporio - Villavicencio | Biblioteca Barrio Emporio - Villavicencio | 12/04/2015 | 27/ene/2015 | C DAC1 | ICM00043 | 02/15/2018 | Ej. 1 | 12/04/2015 | LIbro | |||||
| Dewey Decimal Classification | Infantil | Biblioteca Pública Guamal | Biblioteca Pública Guamal | 05/14/2024 | C DAC1 | GUA003793 | 05/14/2024 | Ej.1 | 05/14/2024 | Libro Infantil | Literatura | |||||
| Dewey Decimal Classification | Infantil | Biblioteca Pública Mesetas - Franco lodo Poloxi | Biblioteca Pública Mesetas - Franco lodo Poloxi | 07/14/2025 | C DAC1 | 9681663985 | 07/14/2025 | Ej.1 | 07/14/2025 | LIbro |